000 00825nam a2200217 a 4500
001 000029636
005 20200930055708.0
008 110415s1993 dr 000 0 spa d
040 _aDO-SdBNP
_bspa
_cBNPHU
082 _aF-RD-77
_bM887i
245 0 3 _aLa mortalidad infantil en la República Dominicana :
_bproblema de salud técnico y administrativo /
_ceditor Hugo R. Mendoza.
260 _aSanto Domingo :
_bCENISMI,
_c1993.
300 _avi, 29 p. ;
_c28 cm.
490 1 _aReuniones técnicas
_v2
650 4 _aMortalidad infantil
_zRepública Dominicana
_956447
700 1 2 _aMendoza, Hugo R.
_eed
_96390
710 2 _aCentro Nacional de Investigaciones en Salud Materno Infantil (República Dominicana)
_956448
830 0 _aReuniones técnicas
_n2
_956449
910 _aValidado. Control de calidad MFF
049 _aBNPD
999 _c29128
_d29128